[Event "FRA-ch U18 Girls"]
[Site "Saint Paul Trois Chateaux"]
[Date "2013.05.02"]
[Round "5"]
[White "Thomas, Anysia"]
[Black "Laric, Emilie"]
[Result "1-0"]
[WhiteElo "1847"]
[BlackElo "1610"]
[PlyCount "43"]
[EventDate "2013.04.28"]
[EventType "swiss"]
[EventRounds "9"]
[EventCountry "FRA"]
[SourceTitle "CBM 154 Extra"]
[Source "ChessBase"]
[SourceDate "2013.06.25"]
[SourceVersion "2"]
[SourceVersionDate "2013.06.25"]
[SourceQuality "1"]

1. d4 Nf6 2. c4 e6 3. Nf3 b6 4. g3 Bb7 5. Bg2 Be7 6. 0-0 0-0 7. d5 exd5 8. Nh4 c6 9. cxd5 Nxd5 10. Nf5 Bc5 11. e4 Nf6 12. e5 Nd5 13. Qg4 g6 14. Bh6 Re8 15. Bg5 h5 16. Qh4 Qc7 17. Nh6+ Kg7 18. Bxd5 cxd5 19. Qf4 d6 20. Qf6+ Kh7 21. Nf5 gxf5 22. Qh6+ 1-0

[Event "FRA-ch U16 Girls"]
[Site "Montlucon"]
[Date "2011.04.20"]
[Round "5"]
[White "Bekhouche, Marion"]
[Black "Laric, Emilie"]
[Result "1-0"]
[WhiteElo "1703"]
[BlackElo "1590"]
[PlyCount "89"]
[EventDate "2011.04.17"]
[EventType "swiss"]
[EventRounds "9"]
[EventCountry "FRA"]
[SourceTitle "CBM 142 Extra"]
[Source "ChessBase"]
[SourceDate "2011.06.27"]
[SourceVersion "1"]
[SourceVersionDate "2011.06.27"]
[SourceQuality "1"]

1. d4 Nf6 2. c4 e6 3. Nf3 b6 4. g3 Bb7 5. Bg2 Be7 6. 0-0 0-0 7. d5 exd5 8. Nh4 d6 9. cxd5 Nbd7 10. Nf5 Re8 11. Nc3 Bf8 12. e4 Nc5 13. Re1 Ba6 14. b4 Nd3 15. Re3 Nxc1 16. Rxc1 g6 17. Nd4 Bb7 18. Ncb5 Re7 19. Nc6 Bxc6 20. Rxc6 a6 21. Nd4 Qe8 22. Qc2 Bg7 23. Qd3 Ng4 24. Re2 Ne5 25. Qc2 Nxc6 26. Nxc6 Rd7 27. Bh3 Re7 28. Nxe7+ Qxe7 29. Qc6 Ra7 30. Bf1 Qe5 31. Kg2 Kf8 32. f3 Qe8 33. Qc4 Qd7 34. Rc2 b5 35. Qb3 Ra8 36. Rc6 Ke8 37. a4 bxa4 38. Qxa4 Kd8 39. Bxa6 Bd4 40. Qb5 Bb6 41. Qc4 Ra7 42. Bb5 Ra1 43. Rxb6 Qc8 44. Rc6 Rb1 45. Qc3 1-0

[Event "FRA-ch U16 Girls"]
[Site "Montlucon"]
[Date "2011.04.18"]
[Round "2"]
[White "Laric, Emilie"]
[Black "Afraoui, Solenn"]
[Result "0-1"]
[WhiteElo "1590"]
[BlackElo "1820"]
[PlyCount "64"]
[EventDate "2011.04.17"]
[EventType "swiss"]
[EventRounds "9"]
[EventCountry "FRA"]
[SourceTitle "CBM 142 Extra"]
[Source "ChessBase"]
[SourceDate "2011.06.27"]
[SourceVersion "1"]
[SourceVersionDate "2011.06.27"]
[SourceQuality "1"]

1. d4 Nf6 2. c4 c5 3. d5 b5 4. b3 g6 5. Bb2 d6 6. Nd2 bxc4 7. bxc4 Bg7 8. Qc2 0-0 9. e4 e6 10. Bd3 exd5 11. cxd5 Re8 12. f3 Nxd5 13. Nc4 Nb4 14. Qd1 d5 15. Bxg7 dxc4 16. Bxc4 Kxg7 17. a3 N4c6 18. Bd5 Be6 19. Bxe6 Rxe6 20. Qxd8 Nxd8 21. Rd1 Nbc6 22. Ne2 Rb8 23. Kf2 Rb3 24. Nf4 Re7 25. Rd5 Nb7 26. Nd3 Rxa3 27. Nxc5 Nb4 28. Rd7 Rxd7 29. Nxd7 Nd3+ 30. Kg3 Nbc5 31. Nxc5 Nxc5 32. Re1 a5 0-1